Catálogo

El señor. (Registro nro. 13503)

Detalles MARC
000 -LEADER
fixed length control field 00974cam a2200301 i 4500
001 - CONTROL NUMBER
control field 13503
003 - CONTROL NUMBER IDENTIFIER
control field Mx-PuUPA
005 - DATE AND TIME OF LATEST TRANSACTION
control field 20260326092309.0
008 - FIXED-LENGTH DATA ELEMENTS--GENERAL INFORMATION
fixed length control field 140415s1954 sp gr 000 0 spa d
040 ## - CATALOGING SOURCE
Transcribing agency Mx-PuUPA
Original cataloging agency Mx-PuUPA
Language of cataloging spa
Modifying agency Mx-PuUPA
Description conventions rda
041 1# - LANGUAGE CODE
Language code of text/sound track or separate title spa
Language code of original ger
100 1# - MAIN ENTRY--PERSONAL NAME
Personal name Guardini, Romano,
Dates associated with a name 1885-1968
9 (RLIN) 6921
Relator term autor
240 10 - UNIFORM TITLE
Uniform title Der Herr.
Language of a work Español
245 13 - TITLE STATEMENT
Title El señor.
Number of part/section of a work Tomo II /
Statement of responsibility, etc. Romano Guardini ; traducción de Francisca Palau-Ribes Casamitjana
264 #1 - PRODUCTION, PUBLICATION, DISTRIBUTION, MANUFACTURE, AND COPYRIGHT NOTICE
Place of production, publication, distribution, manufacture Madrid, España :
Name of producer, publisher, distributor, manufacturer Patmos,
Date of production, publication, distribution, manufacture, or copyright notice 1954
300 ## - PHYSICAL DESCRIPTION
Extent 428 páginas ;
Dimensions 18 cm
336 ## - CONTENT TYPE
Fuente rdacontent
Content type term texto
Content type code txt
337 ## - MEDIA TYPE
Source rdamedia
Media type term sin medio
Media type code n
338 ## - CARRIER TYPE
Source rdacarrier
Carrier type term volumen
Carrier type code nc
490 0# - SERIES STATEMENT
Series statement Libros de Espiritualidad ;
Volume/sequential designation 39
600 04 - SUBJECT ADDED ENTRY--PERSONAL NAME
Personal name Jesucristo
600 04 - SUBJECT ADDED ENTRY--PERSONAL NAME
Personal name Jesucristo
General subdivision Mesianismo
650 #7 - SUBJECT ADDED ENTRY--TOPICAL TERM
Source of heading or term armarc
Topical term or geographic name entry element Cristología
650 #7 - SUBJECT ADDED ENTRY--TOPICAL TERM
Source of heading or term armarc
Topical term or geographic name entry element Teología cristiana
942 ## - ADDED ENTRY ELEMENTS (KOHA)
Source of classification or shelving scheme Dewey Decimal Classification
Koha item type Libro
Classification part 232.1
Item part G8618
Existencias
Withdrawn status Lost status Source of classification or shelving scheme Damaged status Not for loan Collection code Home library Current library Shelving location Date acquired Source of acquisition Total Checkouts Full call number Barcode Price effective from Koha item type
    Dewey Decimal Classification     General Centro de Estudios Guadalupanos Centro de Estudios Guadalupanos Sala general 03/12/2013 Compra   232.1 G86 1954 60537 03/12/2013 Libro